Personajes de Los Simpson - 6 - Estadísticas

Estadísticas generales
  • Esta prueba ha sido intentada 93 veces
  • La puntuación promedio es 4 de 20
Estadísticas de respuestas
Imagen Respuesta % Correcto
Murphy Encías Sangrantes / Gingivitis
81%
Tenacitas
44%
Radiactivo Man
35%
Drederick Tatum
32%
Jessica Lovejoy
31%
Herbert Powell
28%
Marvin Monroe
26%
Pechuguella
26%
Lewis
17%
Mindy Simmons
17%
Señora Muntz / Marilyn Muntz
17%
Michael D'Amico
15%
Akira
14%
Laura Powers
14%
Adolescente con voz de pito / Jeremy Freedman
10%
Amber Simpson
9%
Bernice Hibbert
6%
Freddy Quimby
6%
Ginger Flanders
6%
Señora Glick / Alice Glick
3%
No se encontraron pruebas coincidentes
Distribución de puntuación
Porcentaje de gente con cada puntuación
Porcentaje por número respondido
Historial de tus puntuaciones
No has intentado esta prueba.